000 00674nam a2200217Ia 4500
001 734
003 GE_BSU
008 181216s||||||||xx |||||||||||||| ||und||
020 _a9992807180
040 _cGE_BSU
080 _a004.738.5
100 _aრაზმაძე, ს.
245 _aინტერნეტის თანამედროვე ტექნოლოგიები
260 _aთბილისი
260 _c2003
300 _a256 გვ.
541 _h10 ლ.
653 _aინტერნეტი;
653 _aინტერნეტის თანამედროვე ტექნოლოგიები
942 _cBK
999 _c34907
_d34907